000 00236nam a22001097a 4500
003 OSt
008 231114b |||||||| |||| 00| 0 eng d
041 _aeng
082 _a621.3012
245 _aIndian electricity rules 1956 /
942 _cBK
999 _c17796
_d17796